| 000 | 00990nam a2200289 c 4500 | ||
|---|---|---|---|
| 003 | BLK | ||
| 005 | 20180827084949.0 | ||
| 008 | 180413b bul|||||r ||||||| ||bul|| | ||
| 010 | _aKNG00024997000 | ||
| 020 |
_a954-528-073-5 _bиздат.: Труд |
||
| 040 | _aBLK | ||
| 041 |
_aBUL _cBUL |
||
| 080 |
_aЧешка литература _b821.162.3 _x-323 _z821.162.3-323 |
||
| 100 | 1 |
_aХашек, Ярослав _eпърви автор _9136579 |
|
| 139 |
_aХашек, Ярослав _bХ 34 |
||
| 245 | 1 | 0 |
_aБезкрайни лъжи _b[Разкази] _cЯрослав Хашек. |
| 257 | _aCHE | ||
| 260 |
_аСофия _bТруд _c1998 _fСофия : Д. Благоев 2 |
||
| 300 |
_a240 с. _c20 см |
||
| 490 | 1 | _aКолекция Хумор | |
| 500 | _aДруги прев.: Ст. Бошнаков, В. Мирчева. - 3 500 тир. | ||
| 852 | _aЦб 197916 | ||
| 856 | 4 |
_qpdf _u |
|
| 856 | 4 |
_qpdf _u |
|
| 942 |
_cKNG _n0 _01 |
||
| 944 |
_aCR _c15.01.2003 _kAB_DOS |
||
| 944 |
_aED _c15.01.2003 _k |
||
| 999 |
_c22603 _d22603 |
||